| 000 | 00880nam a22002057a 4500 | ||
|---|---|---|---|
| 999 |
_c4879 _d4879 |
||
| 003 | AR-CdUCM | ||
| 008 | 190311b ||||| |||| 00| 0 spa d | ||
| 040 |
_aMUNICIPALIDAD PROVINCIAL DEL CUSCO _cBIBLIOTECA MUNICIPAL DEL CUSCO |
||
| 082 |
_a159.923 / _bD96 |
||
| 100 |
_aDucceschi, Ermanno _914999 |
||
| 245 |
_aEl hombre y su propia imagen : _bPiscologia Existencial / |
||
| 260 |
_aPerú : _bLibreria Studium , _c1979. |
||
| 300 |
_a224 páginas _c20.5 cm. |
||
| 505 | _aContenido : Conceptuacion -- La imagen de si mismo -- Los valores inducidos -- Los valores negativos inducidos -- la interpretacion simbólica -- la lenua y el lenguaje -- la imagen negativa del tú -- La pérdida de la posibilidad de amar... | ||
| 650 |
_aFilosofia descriptiva _915000 |
||
| 650 |
_aFilosofia del yo _915001 |
||
| 650 |
_aPsicologia del ser _915002 |
||
| 942 |
_2ddc _cLIBROS |
||
| 945 | _artm | ||